Online Catalogue and eLibrary

English literature in Ceylon 1815-1878 (Record no. 3405)

MARC details
000 -LEADER
fixed length control field 00424nam a2200145Ia 4500
005 - DATE AND TIME OF LATEST TRANSACTION
control field 20241220015200.0
008 - FIXED-LENGTH DATA ELEMENTS--GENERAL INFORMATION
fixed length control field 240331s9999 xx 000 0 und d
082 ## - DDC Classification
Item Number - Author Mark GOO
Class No. 828
100 ## - MAIN ENTRY--PERSONAL NAME
Personal name Gooneratne, Y
245 #0 - TITLE STATEMENT
Title English literature in Ceylon 1815-1878
260 ## - PUBLICATION, DISTRIBUTION, ETC.
Place of publication, distribution, etc. Dehiwala
Name of publisher, distributor, etc. Tisara Press
Date of publication, distribution, etc. 1968
300 ## - PHYSICAL DESCRIPTION
Extent (e.g. Volumes, Pages etc.) Xvii, 234 p .,
500 ## - GENERAL NOTE
General note the study of the English literature of 19th century Ceylon involves
942 ## - Koha item type (Biblio)
Koha item type Books in Stacks (Lending)
Holdings
Lost status Damaged status Collection code Home library Current library Shelving location Date acquired Full call number Accession Number Item type
    Lending WERC Library WERC Library Social Science Cupboard 03/31/2024 828 GOO 73 Books in Stacks (Lending)

© WERC Library